| 000 | 01988nam a22002777a 4500 | ||
|---|---|---|---|
| 001 | 1377 | ||
| 005 | 20240927150143.0 | ||
| 020 | _a9789995054502 | ||
| 040 |
_aFISKH _beng _cFISKH _dFISKH |
||
| 082 | _a398.25 | ||
| 100 | _aKurivo, Zong puer | ||
| 245 |
_aខ្មោចក្នុងបណ្ណាល័យ / _cនិពន្ធដោយ ហ្សង់ ព្យែរ គូរីវ៉ូ - គូររូបដោយ ប្រាក់ កិ |
||
| 250 | _bបោះពុម្ពលើកទី ៧ ខែវិច្ខិកា ឆ្នាំ ២០១៨ | ||
| 260 |
_aPhnom Penh : _bSipar, _c2018. |
||
| 300 |
_a28 pages : _bcolor illustrations ; _c25 cm |
||
| 490 | _aខ្ញុំចង់អាន | ||
| 505 | _aP | ||
| 520 | _aអ្នកគ្រូបញ្ញាជាបណ្ណារក្សថ្មីរបស់ភូមិជើងភ្នំ។ ប់ុន្តែក្នុងបណ្ណាល័យនោះ មានខ្មោចម្នាក់ស្នាក់នៅ ហើយជាច្រើនឆ្នាំកន្លងមកនេះ គ្មាននរណាម្នាក់ហ៊ានឈានជើងដើរចូល ទៅក្នុងបណ្ណាល័យឡើយ។ តែអ្នកគ្រូបញ្ញមិនខ្លាចនោះទេ ថែមទាំងសុំ៎ឳ្យខ្មោចនោះជួយធ្វើការងារគាត់ថែមទៀតផង។ | ||
| 520 | _aTeacher Panha is the new librarian of Cheung Phnom village. But there was a ghost in the library, and for many years no one dared to step into the library. But she is not afraid and even asks the ghost to help her with her work. | ||
| 521 |
_a650
_bLexile estimate |
||
| 521 |
_aP
_bRaz-Plus |
||
| 650 |
_aខ្មោច _vអាន _xបណ្ណាល័យ |
||
| 650 |
_aGhost _vRead _xLibrary |
||
| 700 |
_aKe, Prak _cillustrator |
||
| 942 |
_2ddc _cBK _n0 |
||
| 999 |
_c1377 _d1377 |
||